000
00240nam a2200097Ia 4500
001
734460
005
20250826163834.0
008
250824s9999 xx 000 0 und d
245
0
_a
BEYNİNİ ETKİN KULLAN
_c
FERİT DELEN
260
_b
YEDİVEREN
999
_c
734460
_d
734460